<?xml version="1.0" encoding="UTF-8"?>
<record
    xmlns:xsi="http://www.w3.org/2001/XMLSchema-instance"
    xsi:schemaLocation="http://www.loc.gov/MARC21/slim http://www.loc.gov/standards/marcxml/schema/MARC21slim.xsd"
    xmlns="http://www.loc.gov/MARC21/slim">

  <leader>03610nam a2200421 a 4500</leader>
  <controlfield tag="003">CHAP</controlfield>
  <controlfield tag="005">20240814112936.0</controlfield>
  <controlfield tag="007">cr ||||||a|c|a</controlfield>
  <controlfield tag="008">101021s2010    mx      r     00010 spa d</controlfield>
  <datafield tag="035" ind1=" " ind2=" ">
    <subfield code="a">111161</subfield>
  </datafield>
  <datafield tag="040" ind1=" " ind2=" ">
    <subfield code="c">CHAP</subfield>
  </datafield>
  <datafield tag="090" ind1=" " ind2=" ">
    <subfield code="a">Tesis</subfield>
  </datafield>
  <datafield tag="100" ind1="1" ind2=" ">
    <subfield code="a">Ledezma Rivera, Jhonny Limbert</subfield>
    <subfield code="9">65560</subfield>
  </datafield>
  <datafield tag="245" ind1="1" ind2="0">
    <subfield code="a">Territorio y conflicto</subfield>
    <subfield code="b">la din&#xE1;mica del poder local en tiempos de conflicto por el control de los recursos minerales (Cochabamba - Bolivia)</subfield>
    <subfield code="c">/por Jhonny Limbertt Ledezma Rivera; directora de tesis Gabriela Kraemer Bayer</subfield>
  </datafield>
  <datafield tag="264" ind1=" " ind2=" ">
    <subfield code="a">Chapingo, M&#xE9;x. :</subfield>
    <subfield code="b">El autor,</subfield>
    <subfield code="c">2010.</subfield>
  </datafield>
  <datafield tag="300" ind1=" " ind2=" ">
    <subfield code="a">1 recurso en l&#xED;nea (290 p&#xE1;ginas).</subfield>
  </datafield>
  <datafield tag="336" ind1=" " ind2=" ">
    <subfield code="2">rdacontent</subfield>
    <subfield code="a">texto</subfield>
    <subfield code="b">txt</subfield>
  </datafield>
  <datafield tag="337" ind1=" " ind2=" ">
    <subfield code="2">rdamedia</subfield>
    <subfield code="a">computadora</subfield>
    <subfield code="b">c</subfield>
  </datafield>
  <datafield tag="338" ind1=" " ind2=" ">
    <subfield code="2">rdacarrier</subfield>
    <subfield code="a">recurso en linea</subfield>
    <subfield code="b">cr</subfield>
  </datafield>
  <datafield tag="502" ind1=" " ind2=" ">
    <subfield code="b">DCCA</subfield>
    <subfield code="c">Sociolog&#xED;a</subfield>
    <subfield code="d">2010.</subfield>
    <subfield code="g">DOC</subfield>
  </datafield>
  <datafield tag="520" ind1=" " ind2=" ">
    <subfield code="a">El caso que presentamos es un conflicto explicado por dos factores: 1. El alza de precios de los minerales a nivel internacional. 2. El contexto nacional de gobierno ind&#xED;gena y Asamblea Constituyente. El objetivo general que gui&#xF3; la investigaci&#xF3;n fue: Aportar a las ciencias sociales en general y a la antropolog&#xED;a pol&#xED;tica en particular, en la comprensi&#xF3;n de la din&#xE1;mica del poder local en tiempos de conflicto por el control de los recursos minerales. La metodolog&#xED;a que se utiliz&#xF3; fue cualitativa. Las t&#xE9;cnicas utilizadas fueron la observaci&#xF3;n participante, las entrevistas en profundad, la observaci&#xF3;n en reuniones sindicales, talleres y seminarios, entre otras. La transdisciplinariedad fue importante en el an&#xE1;lisis de la informaci&#xF3;n, la misma no s&#xF3;lo implic&#xF3; dotarse de herramientas conceptuales de la Antropolog&#xED;a Pol&#xED;tica, sino tambi&#xE9;n de otras disciplinas complementarias. Entre los principales hallazgos tenemos que resaltar que Raqaypampa en los &#xFA;ltimos 25 a&#xF1;os ha vivido un proceso de reconstituci&#xF3;n territorial, lo cual ahora desemboca en la construcci&#xF3;n e implementaci&#xF3;n de la Autonom&#xED;a Ind&#xED;gena Originaria Campesina que se encuentra en pleno proceso de desarrollo jur&#xED;dico, pol&#xED;tico y social. En referencia al conflicto minero suscitado en la TCO Raqaypampa, debemos resaltar que &#xE9;sta fue dividida para su an&#xE1;lisis en dos momentos y dentro de cada momento en etapas para aprovechar los marcos te&#xF3;ricos y conceptuales principalmente de Adams (1983) y Swartz, Turner y Tuden (1994). El primer momento se caracteriz&#xF3; por ser un conflicto externo; el segundo, se torn&#xF3; interno. Entre las principales conclusiones a los cuales se arrib&#xF3;, fueron: 1. Las autoridades agrarias sindicales obtuvieron experiencias del conflicto minero al sentirse m&#xE1;s preparados para futuros conflictos. 2. En tiempos de conflicto afloran los intereses individuales por encima de los intereses colectivos poniendo en crisis la democracia directa, participativa y comunitaria.</subfield>
  </datafield>
  <datafield tag="590" ind1=" " ind2=" ">
    <subfield code="a">ALEPH</subfield>
    <subfield code="b">10</subfield>
    <subfield code="c">20130110</subfield>
  </datafield>
  <datafield tag="590" ind1=" " ind2=" ">
    <subfield code="a">BATCH-UPD</subfield>
    <subfield code="b">10</subfield>
    <subfield code="c">20130110</subfield>
  </datafield>
  <datafield tag="590" ind1=" " ind2=" ">
    <subfield code="a">BATCH-UPD</subfield>
    <subfield code="b">10</subfield>
    <subfield code="c">20140324</subfield>
  </datafield>
  <datafield tag="590" ind1=" " ind2=" ">
    <subfield code="a">BATCH-UPD</subfield>
    <subfield code="b">10</subfield>
    <subfield code="c">20141002</subfield>
  </datafield>
  <datafield tag="590" ind1=" " ind2=" ">
    <subfield code="a">CONVERSION</subfield>
    <subfield code="b">10</subfield>
    <subfield code="c">20130109</subfield>
  </datafield>
  <datafield tag="650" ind1="0" ind2="4">
    <subfield code="a">Bolivia</subfield>
    <subfield code="x">Condiciones rurales.</subfield>
    <subfield code="9">13575</subfield>
  </datafield>
  <datafield tag="650" ind1="0" ind2="4">
    <subfield code="a">Conflictos sociales</subfield>
    <subfield code="x">Bolivia.</subfield>
    <subfield code="9">26643</subfield>
  </datafield>
  <datafield tag="650" ind1="0" ind2="4">
    <subfield code="a">Minas y recursos minerales</subfield>
    <subfield code="x">Bolivia.</subfield>
    <subfield code="9">75907</subfield>
  </datafield>
  <datafield tag="700" ind1="0" ind2=" ">
    <subfield code="a">Kraemer Bayer, Gabriela</subfield>
    <subfield code="9">63837</subfield>
    <subfield code="e">Directora de tesis</subfield>
  </datafield>
  <datafield tag="856" ind1=" " ind2=" ">
    <subfield code="u">http://10.13.5.2/tesis/111161.PDF</subfield>
    <subfield code="z">DESCARGAR PDF</subfield>
  </datafield>
  <datafield tag="901" ind1=" " ind2=" ">
    <subfield code="a">BK</subfield>
  </datafield>
  <datafield tag="942" ind1=" " ind2=" ">
    <subfield code="c">TD</subfield>
    <subfield code="2">Clasificaci&#xF3;n Universidad Aut&#xF3;noma Chapingo</subfield>
  </datafield>
  <datafield tag="949" ind1=" " ind2=" ">
    <subfield code="b">BC</subfield>
    <subfield code="c">TES</subfield>
    <subfield code="d">33724002211678</subfield>
    <subfield code="e">TS2</subfield>
    <subfield code="f">c.2</subfield>
    <subfield code="g">Donaci&#xD8;n</subfield>
    <subfield code="h">51240</subfield>
    <subfield code="i">111161</subfield>
    <subfield code="s">b</subfield>
  </datafield>
  <datafield tag="949" ind1=" " ind2=" ">
    <subfield code="b">BC</subfield>
    <subfield code="c">TES</subfield>
    <subfield code="d">33724002211710</subfield>
    <subfield code="e">TS1</subfield>
    <subfield code="g">onaci&#xD8;n</subfield>
    <subfield code="h">51239</subfield>
    <subfield code="i">111161</subfield>
    <subfield code="s">b</subfield>
  </datafield>
  <datafield tag="999" ind1=" " ind2=" ">
    <subfield code="c">99503</subfield>
    <subfield code="d">99503</subfield>
  </datafield>
  <datafield tag="952" ind1=" " ind2=" ">
    <subfield code="0">0</subfield>
    <subfield code="1">0</subfield>
    <subfield code="2">local</subfield>
    <subfield code="4">0</subfield>
    <subfield code="5">1</subfield>
    <subfield code="7">0</subfield>
    <subfield code="8">TesdigD</subfield>
    <subfield code="a">BD</subfield>
    <subfield code="b">BD</subfield>
    <subfield code="c">E_L</subfield>
    <subfield code="d">2019-12-31</subfield>
    <subfield code="l">0</subfield>
    <subfield code="o">Tesis digital</subfield>
    <subfield code="r">2019-12-31 00:00:00</subfield>
    <subfield code="w">2019-12-31</subfield>
    <subfield code="y">TD</subfield>
  </datafield>
</record>
